000 00203nam a22000857a 4500
999 _c11414
_d11414
008 190416b ||||| |||| 00| 0 eng d
020 _a9781482644344
100 _97146
_aZOONI SHAFAQ
245 _aHUES OF BLUES